[Event "Baden ch-U18"]
[Site "Karlsruhe"]
[Date "2006.01.05"]
[Round "6.4"]
[White "Hehn, Nicolas"]
[Black "Lohr, Matthias"]
[Result "1-0"]
[WhiteElo "1735"]
[BlackElo "1603"]
[PlyCount "57"]
[EventDate "2006.01.02"]
[EventType "swiss"]
[EventRounds "7"]
[EventCountry "GER"]
[SourceTitle "EXT 2007"]
[Source "ChessBase"]
[SourceDate "2006.11.23"]
[SourceVersion "1"]
[SourceVersionDate "2006.11.23"]
[SourceQuality "1"]

1. Nf3 d5 2. g3 Nf6 3. Bg2 e6 4. 0-0 c5 5. c4 Be7 6. cxd5 exd5 7. d4 b6 8. Nc3 Bb7 9. Bg5 Nbd7 10. Rc1 h6 11. Bxf6 Nxf6 12. Qa4+ Qd7 13. Qxd7+ Nxd7 14. Rfd1 Nf6 15. Ne5 Rd8 16. e3 0-0 17. Nd3 cxd4 18. exd4 Rc8 19. Nf4 Rfd8 20. Bh3 Rc7 21. Ncxd5 Rxc1 22. Nxe7+ Kf8 23. Rxc1 Rxd4 24. Nf5 Rd2 25. Bg2 Ba6 26. Bf1 Bxf1 27. Kxf1 Kg8 28. Rc8+ Kh7 29. Rf8 1-0

[Event "Baden ch-U18"]
[Site "Karlsruhe"]
[Date "2006.01.03"]
[Round "2.5"]
[White "Hehn, Nicolas"]
[Black "Bochis, Julia"]
[Result "1-0"]
[WhiteElo "1735"]
[BlackElo "1612"]
[PlyCount "111"]
[EventDate "2006.01.02"]
[EventType "swiss"]
[EventRounds "7"]
[EventCountry "GER"]
[SourceTitle "EXT 2007"]
[Source "ChessBase"]
[SourceDate "2006.11.23"]
[SourceVersion "1"]
[SourceVersionDate "2006.11.23"]
[SourceQuality "1"]

1. Nf3 Nf6 2. d4 c5 3. dxc5 Na6 4. g3 Nxc5 5. Bg2 g6 6. 0-0 Bg7 7. Ne1 0-0 8. Nd3 Ne6 9. b3 Qc7 10. Bb2 Rb8 11. c4 d6 12. Nc3 Bd7 13. Rc1 Qb6 14. e4 Rfc8 15. Kh1 Nc5 16. Rc2 a5 17. Nf4 g5 18. Nfd5 Nxd5 19. Nxd5 Qd8 20. Bxg7 Kxg7 21. f4 h6 22. Qh5 f6 23. e5 dxe5 24. fxe5 f5 25. Rd2 Qe8 26. Qe2 b5 27. e6 Nxe6 28. Qe5+ Kg8 29. cxb5 Rxb5 30. Qxf5 Nc5 31. Qe5 Ne6 32. Qe2 Rcc5 33. Bh3 Nf8 34. Bxd7 Nxd7 35. Qe6+ Kh8 36. Qxh6+ Kg8 37. Qxg5+ Kh8 38. Qh4+ Kg7 39. Qg4+ Kh8 40. Nc3 Nf6 41. Qd4 Rf5 42. Rxf5 Rxf5 43. Qd8 Rf1+ 44. Kg2 Rc1 45. Ne2 Rc8 46. Qxe8+ Rxe8 47. Nf4 Kh7 48. Nd5 Nh5 49. Re2 e6 50. g4 Ng7 51. Nf6+ Kg6 52. Nxe8 Nxe8 53. Rxe6+ Kf7 54. Rxe8 Kxe8 55. h4 Kf7 56. Kf3 1-0

[Event "Baden ch-U18"]
[Site "Karlsruhe"]
[Date "2006.01.02"]
[Round "1.1"]
[White "Hauser, Carlos"]
[Black "Hehn, Nicolas"]
[Result "1-0"]
[WhiteElo "2131"]
[BlackElo "1735"]
[PlyCount "51"]
[EventDate "2006.01.02"]
[EventType "swiss"]
[EventRounds "7"]
[EventCountry "GER"]
[SourceTitle "EXT 2007"]
[Source "ChessBase"]
[SourceDate "2006.11.23"]
[SourceVersion "1"]
[SourceVersionDate "2006.11.23"]
[SourceQuality "1"]

1. d4 Nf6 2. c4 c5 3. d5 b5 4. cxb5 a6 5. b6 d6 6. Nc3 Qxb6 7. e4 g6 8. a4 a5 9. Bb5+ Bd7 10. Nf3 Na6 11. Bg5 Bxb5 12. axb5 Nb4 13. 0-0 Nd7 14. Bf4 Bg7 15. Nd2 0-0 16. Nc4 Qc7 17. Qd2 Nb6 18. b3 Nd7 19. Ra4 Ra7 20. Bh6 Rfa8 21. Bxg7 Kxg7 22. Rfa1 Nb6 23. R4a3 Nd7 24. b6 Nxb6 25. Nb5 Nxc4 26. Qc3+ 1-0